书目信息 |
| 题名: |
人间失格
|
|
| 作者: | 太宰治 著 ;王述坤 译 | |
| 分册: | ||
| 出版信息: | 大连 大连理工大学出版社 2014 |
|
| 页数: | 272页 | |
| 开本: | 21cm | |
| 丛书名: | ||
| 单 册: | ||
| 中图分类: | H369.4:I313.45 | |
| 科图分类: | ||
| 主题词: | 日语--汉语--对照读物 , 短篇小说--小说集--日本--现代 , 中篇小说--小说集--日本--现代 | |
| 电子资源: | ||
| ISBN: | 978-7-5611-8294-9 | |
| 000 | 00841nam0 2200265 450 | |
| 001 | 0103174973 | |
| 005 | 20140822092916.0 | |
| 010 | @a978-7-5611-8294-9@dCNY20.00 | |
| 100 | @a20140616d2014 em y0chiy0120 ea | |
| 101 | 2 | @achi@ajpn@cjpn |
| 102 | @aCN@b210000 | |
| 105 | @ay z 000ad | |
| 106 | @ar | |
| 200 | 1 | @a人间失格@9Ren Jian Shi Ge @f(日)太宰治著@g王述坤译@b专著 |
| 210 | @a大连@c大连理工大学出版社@d2014 | |
| 215 | @a272页@d21cm | |
| 300 | @a日本文学“无赖派”旗手太宰治收山之作 汉日对照 | |
| 606 | 0 | @a日语@x汉语@j对照读物 |
| 606 | 0 | @a短篇小说@x小说集@y日本@z现代 |
| 606 | 0 | @a中篇小说@x小说集@y日本@z现代 |
| 690 | @aH369.4:I313.45@v5 | |
| 701 | 0 | @c(日)@a太宰治@9tai zai zhi@f(1909~1948)@4著 |
| 702 | 0 | @a王述坤@f(1940.7~)@9wang shu kun@4译 |
| 801 | 0 | @aCN@bAZmarc@c20230902 |
| 905 | @aBZT@dH369@e40@f5@sH369/40 | |
| 人间失格/(日)太宰治著/王述坤译.-大连:大连理工大学出版社,2014 |
| 272页;21cm |
| 日本文学“无赖派”旗手太宰治收山之作 汉日对照 |
| ISBN 978-7-5611-8294-9:CNY20.00 |
| ● |
| 相关链接 |
|
|
|
正题名:人间失格
索取号:H369/40
 
预约/预借
| 序号 | 登录号 | 条形码 | 馆藏地/架位号 | 状态 | 备注 |
| 1 | 2000011525 | 2000011525 | 旧书回溯/ [索取号:H369/40] | 在馆 | |
| 2 | 2000011526 | 2000011526 | 旧书回溯/ [索取号:H369/40] | 在馆 | |
| 3 | 2000011527 | 2000011527 | 旧书回溯/ [索取号:H369/40] | 在馆 | |
| 4 | 2000011528 | 2000011528 | 旧书回溯/ [索取号:H369/40] | 在馆 | |
| 5 | 2000011529 | 2000011529 | 旧书回溯/ [索取号:H369/40] | 在馆 |